| 000 | 00477nam a2200181 i 4500 | ||
|---|---|---|---|
| 001 | bgj | ||
| 100 | 1 |
_aMAUGHAM, William Somerset _d(1874-1965). |
|
| 245 | 1 | 0 |
_aThe Moon and Sixpence / _cW. Somerset Maugham. |
| 260 |
_aNew York : _bPocket Books, _c1967. |
||
| 300 |
_a218 pp ; _c18 cm. |
||
| 650 | 9 | _aPsychological fiction | |
| 651 | 9 |
_aEngland _zThaiti |
|
| 655 | _aFiction | ||
| 040 | _cBPK | ||
| 041 | 0 | _aeng | |
| 942 | _cKS | ||
| 008 | s uk f |000 0 eng | ||
| 999 |
_c48649 _d48649 |
||
| 856 |
_uhttp://koha.tu.koszalin.pl/cgi-bin/koha/opac-detail.pl?biblionumber=48649 _yKatalog online BPK |
||